Sustem Dynamics in Economics and Financial Models (Record no. 2385)
[ view plain ]
| 000 -LEADER | |
|---|---|
| fixed length control field | 00361nam a22001337a 4500 |
| 008 - FIXED-LENGTH DATA ELEMENTS--GENERAL INFORMATION | |
| fixed length control field | 250317b |||||||| |||| 00| 0 eng d |
| 020 ## - INTERNATIONAL STANDARD BOOK NUMBER | |
| ISBN | 0471969346 |
| 100 ## - MAIN ENTRY--AUTHOR | |
| Author | HEIS, Christian |
| 245 ## - TITLE STATEMENT | |
| Title | Sustem Dynamics in Economics and Financial Models |
| 260 ## - PUBLICATION, DISTRIBUTION, ETC. (IMPRINT) | |
| Place of publication | England |
| Name of publisher | John Wiley & Sons. Limited |
| Date of publication | 1997 |
| 300 ## - COLLATION | |
| Pagination | xxvi, 372p. |
| 942 ## - ADDED ENTRY ELEMENTS (KOHA) | |
| Item type | Books |
| 050 ## - LIBRARY OF CONGRESS CALL NUMBER | |
| Classification number | HD |
| Item number | .S97 |
| Source of classification or shelving scheme | Not for loan | Permanent location | Current location | Date acquired | Accession No. | Full call number | Barcode. | Koha item type |
|---|---|---|---|---|---|---|---|---|
| Library of Congress Classification | Samuel Ogbemudia Main Library, University of Abuja | Samuel Ogbemudia Main Library, University of Abuja | 03/17/2025 | 2019/52864 | HDNIL.S97 | 2025-0652 | Books |